Statistiques concernant Buteurs Espagne ligue des nations 2022/2023

Cliquez ici pour prendre le quiz!

Statistiques générales

  • Ce quiz a été pris 22 fois
  • Le résultat moyen est 3 sur 8

Statistiques - réponses

Nmb de butButeur% Correct
1Gavi
90%
2Alvaro Morata
80%
1Jordi Alba
40%
1Joselu
40%
2Pablo Sarabia
30%
1Carlos Soler
25%
1Inigo Martinez
20%
1Yeremy Pino
20%

Distribution des résultats

Percentile par nombre de réponses

% des personnes avec chaque résultat

Votre développement - résultats

Vous n’avez pas pris ce quiz